Le nouveau pythagore 6e

Saved in:
Bibliographic Details
Main Authors: Bonnefond, Gérard (Author), Daviaud, Daniel (Author), Revranche, Bernard (Author)
Format: Book
Language:French
Published: París Hatier 1999
Subjects:
Tags: Add Tag
No Tags, Be the first to tag this record!

MARC

LEADER 00000nam a2200000 a 4500
001 UCO2451
003 CL-VaPUC
008 000602e19990000FR |||||||||||||||||fre|d
082 0 4 |a 372.7  |b BON  |2 21 
100 0 |a Bonnefond, Gérard  |e author  |9 445638 
700 0 |a Daviaud, Daniel  |e author  |9 445639 
700 0 |a Revranche, Bernard  |e author  |9 445640 
245 1 3 |a Le nouveau pythagore 6e 
300 |a 223 p 
942 |c BK 
945 |d 20000602 00:00:00  |a vberengu 
260 |a París  |b Hatier  |c 1999 
650 0 |a Matemáticas  |x Enseñanza  |9 875527 
650 0 |a Matemática  |9 260235 
583 |a last modification  |c 20000602 00:00:00  |k Rodrigo Vera 
999 |c 288962  |d 288960 
952 |0 0  |1 0  |4 0  |6 372_700000000000000_BON_1999  |7 0  |8 A  |9 336990  |a BIBMAT  |b BIBMAT  |c E_DIDACT  |d 2019-11-20  |i 3587312  |o 372.7 BON 1999  |p 3587312  |r 2025-01-07  |w 2019-11-20  |y BK  |k MAT